00553nam a22001577a 4500020001800000040000900018082001200027100002600039110007700065245003500142260004400177650004200221942001200263999001900275952010100294 a9780241317815 cNUST a503 BEA aBeall, Abigail996864 aChalloner, Jack , Dingle, Adrian , Harvey, Derek , Perks, Bea996865 aKnowledge Encyclopedia Science aLondon:bDorling Kindersley Ltd,c2018. aKnowledge Encyclopedia Science996866 2ddccBK c590906d590906 00102ddc4070aCEMEbCEMEcGENd2022-08-11l0o503 BEApCEME-50408r2022-08-11w2022-08-11yBK